000 00698cam a2200229 a 4500
001 000015462
005 20200929164040.0
008 931123s1997 mnu 000 0 spa d
020 _a1567183301
040 _aDO-SdBNP
_bspa
_cBNPHU
_dDLC
082 _a133.9
_bG643p, 1997
100 1 _aGonzález-Wippler, Migene.
_934927
245 1 0 _aPeregrinaje :
_bla vida después de la muerte /
_cMigene González-Wippler.
250 _a2a ed., exp. y rev.
260 _aSaint Paul, Minnesota :
_bLlewellyn,
_c1997.
300 _a235 p. ;
_c21 cm.
650 4 _aEspiritismo
_91460
650 4 _aVida futura
_934928
650 4 _aReencarnación
_91089
910 _aCatalogación por copia
049 _aBNGR
999 _c15018
_d15018